| 000 | 00457nam a22001697a 4500 | ||
|---|---|---|---|
| 003 | SGT | ||
| 020 | _a9788120345935 | ||
| 082 |
_a620.106 _bRAT |
||
| 100 | _aRATHAKRISHANA,ETHIRAJAN | ||
| 245 |
_aFLUID MECHANICS _bAN INTRODUCATION |
||
| 250 | _a3RD | ||
| 260 |
_aNEW DELHI _bPHI _c2013 |
||
| 300 | _a320 | ||
| 650 | _aMECHANICAL ENGINEERING | ||
| 653 | _aFLUID MECHANICS, DIMENSIONAL ANALYSIS AND SIMILARITY,BOUNDARY LAYER, VORTEX THEORY | ||
| 942 |
_2ddc _cBK |
||
| 999 |
_c8232 _d8232 |
||